Management accounting: planning and control: instructor's manual

Kaydedildi:
Detaylı Bibliyografya
Asıl Yazarlar: Wolk, Harry I (Yazar), Gerber, Quentin N (Yazar), Porter, Gary A (Yazar)
Materyal Türü: Kitap
Dil:İngilizce
Baskı/Yayın Bilgisi: Boston PWS-Kent 1988
Konular:
Etiketler: Etiketle
Etiket eklenmemiş, İlk siz ekleyin!

MARC

LEADER 00000nam a2200000 a 4500
001 UCR9783
003 CL-VaPUC
008 980619e19880000US |||||||||||||||||eng|d
082 0 4 |a 658.151  |b WOL  |2 21 
100 0 |a Wolk, Harry I  |e author  |9 412673 
700 0 |a Gerber, Quentin N  |e author  |9 412674 
700 0 |a Porter, Gary A  |e author  |9 412675 
245 1 0 |a Management accounting: planning and control: instructor's manual 
300 |a 36 p 
942 |c BK 
945 |d 19980619 00:00:00  |a cmena 
260 |a Boston  |b PWS-Kent  |c 1988 
650 0 |a Contabilidad   |9 261430 
650 0 |a Administración financiera  |9 261146 
650 0 |a Estados de cuentas  |9 352305 
650 0 |a Contabilidad de costos   |9 260564 
650 7 |a PRESUPUESTO  |2 CL-VaPUC  |9 306206 
650 0 |a Operaciones administrativas  |9 335045 
583 |a last modification  |c 19980619 00:00:00  |k Rodrigo Vera 
999 |c 270959  |d 270957 
952 |0 0  |1 0  |4 0  |6 658_151000000000000_WOL_1988  |7 0  |8 P  |9 305425  |a BIBGIM  |b BIBGIM  |d 2019-11-20  |i 1420453  |o 658.151 WOL 1988  |p 1420453  |r 2025-01-15  |w 2019-11-20  |y BK  |k COM